[Event "Icelandic-ch 2021"]
[Site "Kopavogur"]
[Date "2021.04.30"]
[Round "9.2"]
[White "Gretarsson, Hjorvar Steinn"]
[Black "Bjornsson, Sigurbjorn"]
[Result "1-0"]
[WhiteElo "2588"]
[BlackElo "2327"]
[Annotator "TA"]
[PlyCount "119"]
[EventDate "2021.04.22"]
[EventType "tourn"]
[EventCountry "ISL"]
[SourceTitle "playchess.com"]
[Source "ChessBase"]
[SourceQuality "1"]

{[%evp 14,119,44,3,3,0,4,-2,9,0,8,0,20,27,23,22,43,41,29,27,27,25,22,19,52,46,62,53,75,61,59,50,73,55,70,62,74,70,70,36,45,49,53,22,22,4,5,12,30,30,30,30,39,20,37,20,98,98,98,98,98,98,98,98,98,97,98,41,26,37,50,52,29,19,128,114,120,131,498,480,29973,29972,29971,29971,29977,29978,29978,29976,29974,466,29975,1121,29982,29983,29983,29984,29984,29984,29984,29985,29990,29991,29991,29992,29993,29994,29996,29997]} 1. d4 Nf6 2. c4 g6 3. Nc3 Bg7 4. e4 d6 5. h3 O-O 6. Be3 c5 7. Nf3 $1 {7.Nf3 scores better than 7.d5.} Qa5 8. Qd2 Nc6 {E90: King's Indian: Classical: Early deviations and 6 h3.} 9. Rd1 cxd4 10. Nxd4 Nxd4 {The position is equal.} 11. Bxd4 Be6 12. Bd3 Rfc8 13. b3 a6 {[#]} 14. a4 $146 ({Predecessor:} 14. O-O b5 15. Bxf6 Bxf6 16. Nd5 Qxd2 17. Rxd2 Bxd5 18. exd5 b4 19. Bc2 a5 20. Rd3 {½-½ (62) Ljavdansky,V (2270)-Cherepkov,A (2415) St Petersburg 1992}) 14... Nd7 15. Bxg7 Kxg7 16. O-O Qb4 17. Qb2 f6 18. Rb1 Qc5 19. Kh2 Ne5 20. Be2 g5 21. Qd2 Nc6 22. Rbd1 Kh8 23. g3 Rg8 24. Nd5 Bxd5 25. exd5 Ne5 26. Qd4 Qxd4 27. Rxd4 a5 28. f4 gxf4 29. gxf4 Nd7 30. Re4 Rg7 31. Bg4 $36 {[%mdl 2048] White is pushing.} Nc5 32. Re3 Kg8 33. Bf5 Kf8 34. h4 Ra6 {[#]} (34... h5 $11) 35. h5 $1 $16 {[%cal Rh5h6] Black must now prevent h6.} h6 36. Rff3 Rb6 37. Bg6 Rb4 38. Kh3 Rg8 39. Rg3 Rg7 40. Bc2 ({White should try} 40. Kh4 $16) 40... Rxg3+ $14 41. Rxg3 {[%mdl 4096] Endgame KRB-KRN} Kf7 42. Rg6 Nxb3 {[#] aiming for ...Nd4.} 43. Rxh6 {Threatens to win with Rh7+.} Rxc4 (43... Nd4 $11 44. Bg6+ Kg8) 44. Bg6+ Kg8 45. Rh7 Rc7 {[%mdl 8192] This costs Black the game.} ({Not} 45... Rxa4 $2 46. h6) (45... Rxf4 $16 {is tougher.} 46. Rxe7 Rf3+ 47. Kg2 Rf4) 46. h6 $18 b5 (46... Nd4 $18 47. Rg7+ Kh8 48. Rh7+ Kg8) 47. Rg7+ Kh8 48. axb5 {[%cal Ba4b5,Bb5b6][%mdl 32]} Nc5 49. b6 Rb7 50. Rf7 {[%cal Rf7f8]} Rb8 51. Rxe7 (51. Rh7+ $142 Kg8 52. Rxe7 Na4 53. b7 Nc5 54. Kg4 Kh8 55. Rh7+ Kg8 56. Rg7+ Kh8 57. Rh7+ Kg8 58. Rg7+ Kh8 59. Kf5 Nxb7 60. Kxf6) 51... Nb7 (51... Na4 $18 52. Rh7+ Kg8 53. Rg7+ Kh8 54. Rh7+ Kg8) 52. Bc2 (52. Kg4 $142 a4 53. Bb1 Nc5 54. Rh7+ Kg8 55. Ra7 Kh8 56. Bg6 Rf8 57. Kf5) 52... f5 53. Kh4 {White mates.} Nc5 54. Bxf5 a4 55. Ra7 Rf8 56. Kg5 Rg8+ 57. Kf6 {[%csl Gf5][%cal Ra7h7]} Rf8+ 58. Kg6 Rg8+ 59. Rg7 a3 60. Kf7 {[%csl Gf7][%cal Rg7g8] Weighted Error Value: White=0.15/Black=0.52} 1-0

[Event "Icelandic-ch 2021"]
[Site "Kopavogur"]
[Date "2021.04.30"]
[Round "9.3"]
[White "Thorfinnsson, Bjorn"]
[Black "Gretarsson, Helgi Ass"]
[Result "0-1"]
[WhiteElo "2384"]
[BlackElo "2437"]
[Annotator "NA"]
[PlyCount "50"]
[EventDate "2021.04.22"]
[EventType "tourn"]
[EventCountry "ISL"]
[SourceTitle "playchess.com"]
[Source "ChessBase"]
[SourceQuality "1"]
[TimeControl "40/5400+30:1800+30"]

1. d4 {[%emt 0:00:00]} g6 {[%emt 0:00:00]} 2. c4 {[%emt 0:00:00]} Bg7 {[%emt 0:00:00]} 3. Nc3 {[%emt 0:00:00]} c5 {[%emt 0:00:00]} 4. d5 {[%emt 0:00:05]} Bxc3+ {[%emt 0:03:21]} 5. bxc3 {[%emt 0:00:06]} f5 {[%emt 0:00:04]} 6. g4 {[%emt 0:01:42]} fxg4 {[%emt 0:00:07]} 7. h3 {[%emt 0:00:39]} g3 {[%emt 0:03:51]} 8. f4 {[%emt 0:05:38]} d6 {[%emt 0:14:52]} 9. Bg2 {[%emt 0:02:13]} Qa5 {[%emt 0:02:16]} 10. Qd3 {[%emt 0:00:53]} Nd7 {[%emt 0:00:46]} 11. e4 {[%emt 0:02:53]} Nb6 {[%emt 0:00:29]} 12. Nf3 {[%emt 0:09:02]} Nf6 {[%emt 0:04:11]} 13. O-O {[%emt 0:01:15]} Qa4 {[%emt 0:16:42]} 14. Nd2 {[%emt 0:01:14]} Nh5 {[%emt 0:00:08]} 15. f5 {[%emt 0:02:43]} Bd7 {[%emt 0:21:43]} 16. e5 {[%emt 0:03:43]} Bxf5 {[%emt 0:00:20]} 17. Rxf5 {[%emt 0:03:20]} gxf5 {[%emt 0:00:04]} 18. Bf3 {[%emt 0:00:16]} Nf4 {[%emt 0:03:47]} 19. Qe3 {[%emt 0:00:40]} dxe5 {[%emt 0:02:06]} 20. Qxe5 {[%emt 0:01:23]} Ng6 {[%emt 0:00:09]} 21. Bh5 {[%emt 0:00:04]} O-O-O {[%emt 0:00:16]} 22. Bxg6 {[%emt 0:00:24]} hxg6 {[%emt 0:00:03]} 23. Nb3 {[%emt 0:00:05]} Nxc4 {[%emt 0:00:26]} 24. Qxe7 {[%emt 0:00:14]} Nd6 {[%emt 0:04:47]} 25. Bg5 {[%emt 0:01:04]} b6 {[%emt 0:00:52]} 0-1

[Event "Icelandic-ch 2021"]
[Site "Kopavogur"]
[Date "2021.04.30"]
[Round "9.4"]
[White "Kjartansson, Gudmundur"]
[Black "Mai, Alexander Oliver"]
[Result "1-0"]
[WhiteElo "2503"]
[BlackElo "2025"]
[Annotator "ChessBase"]
[PlyCount "95"]
[EventDate "2021.04.22"]
[EventType "tourn"]
[EventCountry "ISL"]
[SourceTitle "playchess.com"]
[Source "ChessBase"]
[SourceQuality "1"]
[TimeControl "40/5400+30:1800+30"]

1. d4 {[%emt 0:00:00]} Nf6 {[%emt 0:00:00]} 2. c4 {[%emt 0:00:00]} e6 {[%emt 0:00:00]} 3. Nc3 {[%emt 0:00:03]} d5 {[%emt 0:00:00]} 4. cxd5 {[%emt 0:00:16]} exd5 {[%emt 0:00:00]} 5. Bg5 {[%emt 0:00:11]} c6 {[%emt 0:00:04]} 6. e3 {[%emt 0:00:16]} Bf5 {[%emt 0:00:05]} 7. Qf3 {[%emt 0:00:13]} Bg6 {[%emt 0:00:06]} 8. Bxf6 {[%emt 0:00:05]} Qxf6 {[%emt 0:00:04]} 9. Qxf6 {[%emt 0:00:04]} gxf6 {[%emt 0:00:02]} 10. Nf3 {[%emt 0:00:44]} Nd7 {[%emt 0:01:54]} 11. Nh4 {[%emt 0:00:32]} Be7 {[%emt 0:05:37]} 12. Ne2 {[%emt 0:00:45]} f5 {[%emt 0:08:51]} 13. Nf3 {[%emt 0:01:32]} Nb6 {[%emt 0:05:49]} 14. Nf4 {[%emt 0:02:57]} Nc8 {[%emt 0:05:53]} 15. h4 {[%emt 0:01:24]} h5 {[%emt 0:00:09]} 16. Ne5 {[%emt 0:02:35]} Rh6 {[%emt 0:00:53]} 17. g3 {[%emt 0:08:43]} a5 {[%emt 0:03:32]} 18. a4 {[%emt 0:09:22]} Nb6 {[%emt 0:01:08]} 19. Be2 {[%emt 0:04:41]} Bd6 {[%emt 0:01:57]} 20. Ned3 {[%emt 0:01:49]} Ke7 {[%emt 0:02:06]} 21. b3 {[%emt 0:01:55]} Nd7 {[%emt 0:00:46]} 22. Kd2 {[%emt 0:03:07]} Nf8 {[%emt 0:06:08]} 23. Rhb1 {[%emt 0:06:35]} Ne6 {[%emt 0:00:53]} 24. b4 {[%emt 0:02:11]} Nxf4 {[%emt 0:03:30]} 25. exf4 {[%emt 0:00:58]} axb4 {[%emt 0:06:44]} 26. Nxb4 {[%emt 0:00:10]} Bxb4+ {[%emt 0:16:00]} 27. Rxb4 {[%emt 0:00:05]} Ra7 {[%emt 0:00:08]} 28. a5 {[%emt 0:08:20]} Kd6 {[%emt 0:07:48]} 29. Rb6 {[%emt 0:05:07]} Rh8 {[%emt 0:10:06]} 30. a6 {[%emt 0:03:44]} Kc7 {[%emt 0:01:28]} 31. Rab1 {[%emt 0:00:51]} bxa6 {[%emt 0:00:22]} 32. Bxa6 {[%emt 0:00:45]} Re8 {[%emt 0:01:15]} 33. Rxc6+ {[%emt 0:04:32]} Kxc6 {[%emt 0:00:26]} 34. Bb5+ {[%emt 0:00:03]} Kd6 {[%emt 0:00:43]} 35. Bxe8 {[%emt 0:00:06]} Ra2+ {[%emt 0:01:02]} 36. Ke1 {[%emt 0:00:40]} Rc2 {[%emt 0:01:13]} 37. Bb5 {[%emt 0:01:55]} Ra2 {[%emt 0:03:10]} 38. Rb4 {[%emt 0:03:22]} Ra1+ {[%emt 0:01:41]} 39. Ke2 {[%emt 0:00:12]} Ra2+ {[%emt 0:00:29]} 40. Kf1 {[%emt 0:00:00]} Ra1+ {[%emt 0:00:00]} 41. Kg2 {[%emt 0:01:09]} Rd1 {[%emt 0:05:08]} 42. Be2 {[%emt 0:04:45]} Rd2 {[%emt 0:00:30]} 43. Kf1 {[%emt 0:00:58]} Ra2 {[%emt 0:04:28]} 44. Rb6+ {[%emt 0:00:32]} Kc7 {[%emt 0:00:26]} 45. Rb5 {[%emt 0:00:50]} Kc6 {[%emt 0:00:24]} 46. Rc5+ {[%emt 0:00:13]} Kd6 {[%emt 0:00:23]} 47. Bf3 {[%emt 0:00:11]} Ra1+ {[%emt 0:00:03]} 48. Kg2 {[%emt 0:00:07]} 1-0

[Event "Icelandic-ch 2021"]
[Site "Kopavogur"]
[Date "2021.04.30"]
[Round "9.5"]
[White "Thorfinnsson, Bragi"]
[Black "Stefansson, Vignir Vatnar"]
[Result "1/2-1/2"]
[WhiteElo "2432"]
[BlackElo "2327"]
[Annotator "NA"]
[PlyCount "87"]
[EventDate "2021.04.22"]
[EventType "tourn"]
[EventCountry "ISL"]
[SourceTitle "playchess.com"]
[Source "ChessBase"]
[SourceQuality "1"]
[TimeControl "40/5400+30:1800+30"]

1. d4 {[%emt 0:01:50]} Nf6 {[%emt 0:00:00]} 2. c4 {[%emt 0:01:04]} e6 {[%emt 0:00:04]} 3. Nf3 {[%emt 0:00:17]} d5 {[%emt 0:00:07]} 4. Bg5 {[%emt 0:00:20]} Nbd7 {[%emt 0:01:12]} 5. e3 {[%emt 0:02:51]} Bb4+ {[%emt 0:02:32]} 6. Nbd2 {[%emt 0:02:33]} O-O {[%emt 0:00:18]} 7. Rc1 {[%emt 0:01:11]} h6 {[%emt 0:00:34]} 8. Bh4 {[%emt 0:02:58]} c5 {[%emt 0:04:49]} 9. a3 {[%emt 0:07:17]} Bxd2+ {[%emt 0:01:22]} 10. Qxd2 {[%emt 0:01:32]} g5 {[%emt 0:01:50]} 11. Bg3 {[%emt 0:01:47]} Ne4 {[%emt 0:00:05]} 12. Qc2 {[%emt 0:01:07]} Qa5+ {[%emt 0:00:11]} 13. Nd2 {[%emt 0:01:48]} Qxd2+ {[%emt 0:01:01]} 14. Qxd2 {[%emt 0:00:04]} Nxd2 {[%emt 0:00:04]} 15. Kxd2 {[%emt 0:00:04]} cxd4 {[%emt 0:00:48]} 16. exd4 {[%emt 0:03:45]} dxc4 {[%emt 0:00:09]} 17. Bxc4 {[%emt 0:01:24]} Nb6 {[%emt 0:00:41]} 18. h4 {[%emt 0:03:47]} g4 {[%emt 0:14:00]} 19. h5 {[%emt 0:02:07]} Bd7 {[%emt 0:06:49]} 20. Ba2 {[%emt 0:06:30]} Rac8 {[%emt 0:02:31]} 21. Rh4 {[%emt 0:01:59]} f5 {[%emt 0:02:06]} 22. Bc7 {[%emt 0:06:10]} Nd5 {[%emt 0:02:51]} 23. Bxd5 {[%emt 0:02:56]} exd5 {[%emt 0:00:06]} 24. Rhh1 {[%emt 0:02:18]} Rfe8 {[%emt 0:00:14]} 25. f3 {[%emt 0:05:35]} Re6 {[%emt 0:02:34]} 26. Bf4 {[%emt 0:02:47]} Rxc1 {[%emt 0:00:23]} 27. Rxc1 {[%emt 0:00:13]} Rc6 {[%emt 0:00:26]} 28. Rxc6 {[%emt 0:05:12]} Bxc6 {[%emt 0:00:05]} 29. fxg4 {[%emt 0:00:27]} fxg4 {[%emt 0:00:04]} 30. Bxh6 {[%emt 0:00:07]} Be8 {[%emt 0:00:07]} 31. Ke3 {[%emt 0:00:46]} Bxh5 {[%emt 0:00:05]} 32. Kf4 {[%emt 0:00:36]} Kf7 {[%emt 0:04:21]} 33. Ke5 {[%emt 0:00:54]} Ke7 {[%emt 0:00:08]} 34. Kxd5 {[%emt 0:00:38]} Bf7+ {[%emt 0:00:03]} 35. Ke5 {[%emt 0:02:43]} Bb3 {[%emt 0:00:06]} 36. Bf4 {[%emt 0:05:17]} Kd7 {[%emt 0:00:35]} 37. d5 {[%emt 0:01:26]} a5 {[%emt 0:01:19]} 38. Kd4 {[%emt 0:03:12]} a4 {[%emt 0:00:30]} 39. Bb8 {[%emt 0:05:31]} b5 {[%emt 0:00:43]} 40. Kc5 {[%emt 0:00:00]} Bc4 {[%emt 0:00:00]} 41. g3 {[%emt 0:04:08]} Be2 {[%emt 0:00:11]} 42. Bf4 {[%emt 0:00:06]} Bf1 {[%emt 0:00:04]} 43. Kb4 {[%emt 0:00:09]} Bc4 {[%emt 0:00:07]} 44. Be5 {[%emt 0:00:23]} 1/2-1/2